000 00339nam a2200133Ia 4500
008 130318s9999 xx 000 0 und d
020 _a8186011277
082 _a005.133C++ LAF/O
100 _aLafore, Robert
245 _aObject oriented programming in Microsoft C++
260 _bGalgotia
_aNew Delhi
_c1992
300 _a756
650 _aC++
999 _c147
_d147